000 00676nam a2200289Ia 4500
005 20260324150303.0
008 008 260324s9999 xx 000 0 eng d
020 _a9781003244523
037 _aEBOOK
040 _aCRL
040 _beng
040 _cCRL
041 _2eng
041 _aeng
084 _qCRL
100 _aRalph Cohen
_91225227
245 4 _aThe Unfolding of The Seasons
245 2 _bA Study of James Thomson's Poem
260 _bTaylor and Francis
260 _c1970
365 _a
365 _b205
856 _uhttp://www.taylorfrancis.com/books/9781003244523
942 _cEBOOK
999 _c1835091
_d1835091